Datum a čas kvízu
30
Celkem bodů
Celkový počet nahraných bodů na tomto kvízu bez doplňovacích otázek.
4.
Pořadí na kvízu
Konečné umístění týmu na tomto kvízu.
Zaznamenané odpovědi
| # | Otázka | Odpověď | Body | Výsledky |
|---|---|---|---|---|
| 1. | Na sedmém kilometru dálnice D1... | tramvaj | 1 | |
| 2. | Senát jednoho státu na jihu US... | Alabama | 1 | |
| 3. | Jak se nazývá kapela, která re... | Lake Malawi, Albert Černý | 1 | |
| 4. | Čínská společnost Xiaomi přišl... | v automatu | 1 | |
| 5. | Nejslabším týmem letošního hok... | Radko Gudas | 1 | |
| 6. | Kolik mandátů připadá v Evrops... | 21 mandátů (Uznáváme tedy 20 až 22.) | 1 | |
| 7. | Z výsledků voleb vzejde i nový... | Jan Zahradil | 1 | |
| 8. | Přiřaďte lídry kandidátek k je... | 1B 2D 3C 4A | 1 | |
| 9. | V některých evropských státech... | D | 1 | |
| 10. | Jedenatřicetiletý kandidát nov... | Tinder | 0 |